| 000 | 01101nam a22002657a 4500 | ||
|---|---|---|---|
| 999 |
_c64170 _d64170 |
||
| 005 | 20240530110718.0 | ||
| 008 | 180313s2016 ua ah g b 000 0 ara d | ||
| 017 |
_a16833/2016 _bمصر. دار الكتب |
||
| 020 | _a9789773192990 | ||
| 040 |
_aEG-CaGPL _cEG-CaGPL |
||
| 082 | 0 | 4 |
_221 _a305.42 / _bى ص |
| 100 | 0 | _aياسمين اسامة عبدالمنعم | |
| 245 | 1 | 0 |
_aصورة المرأة العربية فى الصحافة الامريكية والبرايطانية خلال الفترة من 2011 - 2013 / _cياسمين اسامة عبدالمنعم |
| 250 | _aط. 1 | ||
| 260 |
_aالقاهرة : _bالعربى للنشر و التوزيع ، _c2016. |
||
| 300 |
_a301 ص. : _bايض ؛ _c24 سم. |
||
| 504 | _aيشتمل على ارجاعات ببليوجرافية | ||
| 650 | 0 | 7 |
_2qrmak _aالمرأة فى الحياة العامة |
| 650 | 0 | 7 |
_2qrmak _aحقوق المرأة |
| 650 | 0 | 7 |
_2qrmak _aالمرأة _xعادات وتقاليد |
| 651 | _2qrmak | ||
| 653 | 0 | _aالمرأة العربية | |
| 942 |
_2ddc _cBK |
||